[Event "Subasic Memorial 5th"]
[Site "Zenica"]
[Date "2006.12.16"]
[Round "9"]
[White "Dizdarevic, Emir"]
[Black "Atalik, Suat"]
[Result "1/2-1/2"]
[WhiteElo "2492"]
[BlackElo "2583"]
[Annotator "Atalik,S"]
[PlyCount "62"]
[EventDate "2006.12.08"]
[EventType "tourn"]
[EventRounds "9"]
[EventCountry "BIH"]
[EventCategory "9"]
[SourceTitle "CBM 115 Extra"]
[Source "ChessBase"]
[SourceDate "2007.01.10"]
[SourceVersion "1"]
[SourceVersionDate "2007.01.10"]
[SourceQuality "1"]

{Dizdarevic has lost the day before to Berkes, so I and Berkes were leading
with +4 before the last round. Since the latter had a prearranged draw with
Jovanovic even set up before the tournament due to the Croat had a play-off
match with Zdenko and the other had to catch some round in Hungarian League,
only I was in the situation to give a shot to win the tournament alone. Apart
from all these I have succeeded to lose in last both games I have played to
the vertically challenged opponent of mine.} 1. Nf3 d5 2. d4 Nf6 3. c4 e6 4. g3
{The Catalan was always part of his narrow repertoire.} dxc4 5. Qa4+ {As
expected he is going for the toothless line.} (5. Bg2 Nc6 6. Qa4 {is a more
natural way to reach the text.} (6. O-O Rb8)) 5... Nc6 $5 {Last year in
Hoogoveen Ivan has decided to try this against the Bulgarian ex WWCC. In my
opinion it just leads to a transposition.} (5... Nbd7 6. Nc3 a6 7. Bg2 Rb8 8.
Qxc4 b5 9. Qd3 Bb7 10. Bf4 Rc8 11. O-O c5 $11) (5... c6 6. Qxc4 b5 7. Qb3 Bb7
8. Bg2 Nbd7 9. O-O a6 10. a4 c5 11. axb5 Bd5 12. Qc2 Be4 13. Qb3 Bd5 $11 {
is absolutely out of consideration against this guy.}) 6. Qxc4 $2 (6. Bg2 Bb4+
7. Bd2 Bd6) 6... Bb4+ $2 (6... Qd5 $1 {I had to try a la Taimanov Bogo type of
a game.} 7. Qxd5 (7. Nbd2 Nb4 $17) 7... exd5 8. Bf4 (8. Nc3 Nb4 $5) 8... Bb4+
9. Nc3 Bg4 $36) 7. Bd2 Bd6 (7... Qd5 8. Qd3) 8. Bg2 O-O 9. O-O (9. Bc3 Nd5 10.
O-O Nxc3 11. Nxc3 e5) 9... e5 10. dxe5 (10. d5 Ne7 11. Nc3 a6 $1 $132) 10...
Nxe5 11. Nxe5 Bxe5 12. Bc3 Bxc3 (12... Re8 13. Bxe5 Rxe5 14. Nc3 c6 15. Rad1
Qe7 16. Qd4 {and the rook stands strange on e5.}) 13. Nxc3 {Draw offer} c6 14.
Rfd1 Qe7 (14... Qb6 $6 15. Na4 Qa5 16. Nc5) 15. Rd2 Be6 16. Qf4 Rfd8 17. Rad1
Rxd2 18. Rxd2 $11 {Both sides did not get much from the opening.} (18. Qxd2 a5)
18... Rd8 (18... a5 19. e4 a4 $5 $13) 19. Rd4 h6 20. h3 a6 21. Kh2 Ne8 $6 {
This is not the best way to shuffle the pieces.} (21... Rxd4 22. Qxd4 Nd7 23.
a3 (23. Qa7 Qb4) 23... Qc5 24. Qxc5 Nxc5 25. b4 Nd7 $11 26. Ne4 $140 b6 27. Nd6
c5 28. bxc5 Nxc5) 22. a3 Rxd4 23. Qxd4 Nc7 (23... Qd7 24. Qa7) 24. Qa7 $1 Nd5
$8 25. Nxd5 $6 {This would have never been my choice!} (25. Qb8+ Kh7 26. Be4+
g6 27. Bxd5 Bxd5 $11) (25. Bxd5 Bxd5 26. Qd4 (26. e4 Be6) 26... Bb3 $11) (25.
Ne4 {Pointed out by my opponent after the game. He claimed that he did not
have played the move because he did not sleep the night before. Of course, his
sleeping hours or his temporary insomnia has no correlation with the technical
part of the game. Besides obviously he could not calculate the consequences.
My reply was as simple as 'You do not have balls to play', at least it kept
him out of my sight till the closing ceremony.} Bf5 26. Qb8+ Kh7 27. Nd6 Bg6 (
27... Qe5 $2 28. e4 $18 (28. Qh8+ $18)) 28. e4 Nf6 29. f3 Qe5 $1 {Black can
never be worse after this which I have seen during the game.} 30. f4 Qxb2 31.
e5 (31. f5 Bh5 32. g4 Qe5+ 33. Kh1 (33. Kg1 Nd7 34. Qc7 Qd4+ $11) 33... Qa1+
34. Kh2 Qe5+ $11) 31... Be4 32. Nxe4 Nxe4 33. Qc8 $11) (25. Na4 $1 {This looks
like the best.} Bf5 26. e3 Be4 27. Nc5 Bxg2 28. Kxg2 Qe5 29. Nxb7 Qe4+ 30. Kh2
Qc2 31. e4 $1 Qxe4 32. Nd6 Qf3 33. Kg1 Qd1+ 34. Kg2 Nf4+ 35. gxf4 Qxd6 36. Qxa6
Qg6+ 37. Kh2 Qc2 38. Qb6 c5 39. Kg3 Qd3+ 40. f3 Qd4 $11 {the queen endgame
looks equal.}) 25... Bxd5 26. Bxd5 (26. e4 Bb3 27. Qb8+ Kh7 28. e5 Bd5 29. Qd6
Qe6 $1 $11) 26... cxd5 27. Qb8+ (27. e3 $2 Qf6) 27... Kh7 28. Qf4 {This forces
a draw by perpetual.} Qxe2 29. Qf5+ (29. Qxf7 $6 Qxb2 30. Qf5+ g6 31. Qf7+ Qg7
32. Qxd5 b5 $15) 29... Kg8 30. Qc8+ Kh7 31. Qf5+ Kg8 {Thus I have shared with
Berkes the first two places in the tournament with half a point margin in
front of Dizdarevic.} 1/2-1/2

[Event "Tonto Village Chess.com"]
[Site "Tonto Village"]
[Date "2011.06.04"]
[Round "1.1"]
[White "Atalik, Suat"]
[Black "Rensch, Daniel"]
[Result "1-0"]
[WhiteElo "2616"]
[BlackElo "2406"]
[Annotator "Atalik,S"]
[PlyCount "66"]
[EventDate "2011.06.04"]
[EventType "schev"]
[EventRounds "4"]
[EventCountry "USA"]
[SourceTitle "CBM 142 Extra"]
[Source "ChessBase"]
[SourceDate "2011.06.27"]
[SourceVersion "1"]
[SourceVersionDate "2011.06.27"]
[SourceQuality "1"]

1. d4 Nf6 2. c4 e6 3. g3 d5 {Deciding for Catalan.} ({Benoni type of positions
should be investigated equally well.} 3... c5 4. d5 exd5 5. cxd5 d6 6. Nc3 g6
7. Nf3 Bg7 8. Bg2 O-O 9. O-O a6 (9... Re8 10. Bf4 Ne4 11. Nxe4 Rxe4 12. Nd2 Rb4
(12... Rxf4 13. gxf4 Bxb2 14. Rb1 Bg7 15. Nc4 b6 16. Qc2 {and I doubt if Black
has enough compensation.}) 13. b3 Bxa1 14. Qxa1 Rxf4 15. gxf4 Nd7 16. Qc3 $14)
10. a4 Nbd7 11. Bf4 Qe7 (11... Qc7 12. Rc1 Re8 13. b4 Nh5 14. Bd2 $14) 12. h3
Rb8 (12... Nh5 13. Bg5 f6 14. Bd2 f5 15. e4 f4 (15... fxe4 16. Re1 Nhf6 17. Bf4
Rb8 18. Re2 b5 19. axb5 axb5 20. Qe1 $40) 16. g4 Nhf6 17. Bxf4 Nxe4 18. Bh2
Nxc3 19. bxc3 Bxc3 20. Ra3 $13) 13. e4 h6 (13... b5 14. axb5 axb5 15. Re1 b4
16. e5 $1 bxc3 17. exf6 Qxf6 18. bxc3 $14) 14. Re1 g5 15. Bxd6 Qxd6 16. e5 Qb6
17. exf6 Nxf6 18. Qc2 $13) 4. Bg2 dxc4 5. Nf3 {After Daniel has picked up the
pawn, we are in the junction point for some lines.} (5. Qa4+ Nbd7 6. Nd2 {
is a forgotten Sosonko line.} c6 7. Qxc4 e5 8. Ngf3 Bd6 9. O-O O-O 10. Qc2 Bc7
{does not impress much.}) 5... b5 {It is not easy to prove compensation after}
(5... c6 6. O-O b5 (6... Nbd7 7. a4 b5 8. Ne5 Nxe5 9. dxe5 Nd5 10. axb5 cxb5
11. Nc3 $44) 7. Ne5 Bb7 8. a4 a6 (8... Nd5 {transposes to the game.}) 9. b3
cxb3 10. Bb2 Qb6 11. Qxb3 Nbd7 12. Nd3 $5 $44) (5... a6 6. O-O b5 7. Ne5 Nd5 8.
a4 Bb7 9. axb5 axb5 10. Rxa8 Bxa8 11. e4 Nf6 12. Nc3 c6 13. d5 Be7 14. dxe6
fxe6 15. Qe2 O-O 16. Bh3 Kh8 17. Bxe6 Qe8 18. Rd1 c5 19. Bf4 Nc6 20. Nxc6 Bxc6
21. Bd5 $5 $13) 6. Ne5 (6. a4 c6 7. Ne5 Nd5 8. O-O {is another transposition
to the game.}) 6... Nd5 (6... c6 7. Nxc6 Qb6 8. Na5 Nd5 9. Bd2 a6 10. Nc3 Nxc3
11. Bxc3 Ra7 12. a4 $14) 7. a4 c6 8. O-O Bb7 {This is one of the stem
positions in Catalan.} (8... a6 $5 9. e4 Nf6 10. d5 Qc7 11. axb5 $5 Qxe5 12.
bxc6 Nxe4 13. Re1 exd5 14. Nc3 f5 15. Bf4 Qe6 16. Nxd5 Kf7 17. Nc3 $1 {is
known to favor White alas is it forced?}) (8... f6 9. e4 Ne7 10. Nf3 $44) 9. b3
$5 {I have changed my mind during the game.} ({I was more for} 9. e4 Nf6 10.
Nc3 a6 11. d5 exd5 12. exd5 cxd5 13. axb5 axb5 14. Rxa8 Bxa8 15. Nxb5 Bc5 16.
Qa4 O-O 17. Qxa8 Qe8 18. Bxd5 Qxb5 19. Bxc4 Bxf2+ 20. Rxf2 Qxe5 $13 {before
the game but the resulting position looks holdable for Black.}) 9... cxb3 (9...
c3 10. e4 b4 11. exd5 cxd5 12. Qh5 $16 {is known to be better for White.}) 10.
Qxb3 a6 {This had surprised me.} (10... b4 11. a5 Be7 12. Bb2 Na6 13. Qc4 Rc8
14. Nd2 O-O 15. Nb3 c5 16. Nd3 $44 {is very messy.}) 11. Nc3 Nd7 12. axb5 {
This is just one of many lines.} (12. Bxd5 exd5 13. Nxd7 Qxd7 14. Ba3 $44) (12.
Nxd5 exd5 13. e4 Nxe5 14. exd5 cxd5 15. dxe5 Bc5 16. axb5 O-O $13) 12... axb5
13. Rxa8 Bxa8 14. Nxd5 (14. Bxd5 exd5) 14... exd5 (14... Nxe5 15. dxe5 exd5 16.
e4 {transposes to the game.}) 15. e4 Nxe5 16. dxe5 (16. exd5 cxd5 (16... Nc4
17. dxc6 Nd6 18. Re1+ Be7 19. Bg5 f6 20. Bf4 $40) 17. dxe5 Be7 $11) 16... d4 $2
{The real mistake in the game.} (16... Be7 $1 17. exd5 cxd5 18. Qxb5+ Qd7 19.
Qxd7+ (19. Qb8+ Qd8 20. Qa7 O-O 21. Be3 d4 $1 $14) 19... Kxd7 20. Bh3+ Kc7 21.
Bf4 g5 22. Rc1+ Bc6 $11) 17. e6 fxe6 (17... f6 18. e5 (18. Ba3) 18... fxe5 19.
Be4 $40) 18. Qxe6+ Qe7 (18... Be7 19. Ba3 Rf8 20. Ra1 Bb7 (20... Qd7 21. Qe5)
21. e5 Qd7 22. Qxd7+ Kxd7 23. Bxe7 Kxe7 24. Ra7 $18 {wins.}) 19. Qa2 Bb7 20. e5
$1 c5 (20... Qxe5 21. Bd2 $18 (21. Qa5)) 21. Bg5 $1 {After this exchange
Whites attack becomes insurmountable.} Qxg5 22. Bxb7 Qxe5 23. Qb1 $1 (23. Bc6+
Ke7 24. Bxb5 Kf6 25. Qb1 g6 $11) 23... Be7 24. Re1 $2 {A bad mistake!} (24.
Bc6+ Kf8 (24... Kf7 25. Re1) 25. Re1 Qf6 (25... Qd6 26. Qf5+) 26. Bxb5 $1 g6
27. Qe4 $18 {and Black is all tied up.}) 24... Qd6 25. Qxb5+ Kf8 26. Be4 $1 g6
(26... Qc7 27. Bd5 g6 28. Rb1 Kg7 29. Qe2 $44) 27. Qb7 Kf7 $2 {A strange
mistake.} ({A draw might have resulted after the obvious.} 27... c4 $1 28. Bd5
Qb4 (28... c3 $2 29. Re6 Qd8 30. Rf6+ Kg7 31. Rf7+ Kh6 32. Rxe7 c2 33. Rc7 d3
34. Be4 d2 35. Bxc2 d1=Q+ 36. Bxd1 Qxd1+ 37. Kg2 $18) 29. Qc8+ Kg7 30. Qe6 Bf6
31. Bxc4 (31. Qf7+ Kh6 $11) 31... Rf8 (31... Rd8 32. Qf7+ Kh6 $11)) 28. Bd5+
Kf6 29. Bc4 $1 (29. Re6+ $2 Qxe6 30. Bxe6 Kxe6 $11) 29... Rf8 30. h4 h5 (30...
h6 31. g4 $1) 31. Re4 Rb8 32. Qa7 Rf8 (32... Rb1+ 33. Kg2) (32... Rb4 33. Rf4+
Ke5 34. Qa8 Rxc4 35. Qe4#) 33. Kf1 Kf5 $4 {This drops a piece but black was
anyway lost.} (33... d3 $2 34. Qa1+) (33... Re8 34. Qa2 (34. Rf4+ Kg7 35. Rf7+
Kh6 36. Qb7 (36. Bb5 $2 d3 37. Bxe8 Qd5 38. Rh7+ Kxh7 39. Qxe7+ Kg8 40. Ke1 d2+
41. Kd1 Qf3+ 42. Kxd2 Qxf2+ $11 {had chances to hold.}) 36... d3 37. Qb2 $18)
34... Kg7 35. Re6 Qd8 36. Qe2 d3 37. Qe4 $18) 1-0

[Event "Kalamaria op 7th"]
[Site "Kalamaria"]
[Date "2010.08.29"]
[Round "5"]
[White "Atalik, Suat"]
[Black "Drozdovskij, Yuri"]
[Result "1/2-1/2"]
[WhiteElo "2607"]
[BlackElo "2624"]
[Annotator "Atalik,S"]
[PlyCount "68"]
[EventDate "2010.08.25"]
[EventType "swiss"]
[EventRounds "9"]
[EventCountry "GRE"]
[SourceTitle "CBM 138 Extra"]
[Source "ChessBase"]
[SourceDate "2010.10.29"]
[SourceVersion "1"]
[SourceVersionDate "2010.10.29"]
[SourceQuality "1"]

1. d4 Nf6 2. c4 e6 3. Nf3 d5 4. g3 {I started to toy with modern openings like
the Catalan. Naturally I have had some experience with that when I have played
it in 1992 against people like Vaganian and Simagin!} dxc4 (4... Bb4+ 5. Bd2
Be7 (5... Bxd2+ 6. Qxd2 O-O 7. Bg2 Nbd7 8. O-O c6 9. Rc1 b6 10. Qf4 $5 Bb7 11.
Nbd2 $14) 6. Bg2 O-O 7. O-O c6 8. Qc2 b6 9. Rd1 Nbd7 10. b3 Ba6 11. a4 $5 c5 (
11... Rc8 12. a5 $1 c5 (12... b5 13. c5 Ne4 14. Be1 f5 15. Nc3 Qc7 16. Na2 $1
Rce8 17. Nb4 Bc8 18. a6 Bf6 19. Nd3 $14) 13. axb6 Qxb6 14. Qa2 Bb7 15. Ba5 Qd6
16. Nbd2 $13) (11... Ne4 12. Be1 f5 13. a5 Bd6 14. Nc3 Qe7 15. e3 $14) 12. Na3
Bb7 13. Qb2 Rc8 14. Rac1 Ne4 15. Be1 Bf6 16. b4 Ba8 $1 17. e3 cxd4 18. exd4
dxc4 19. Nxc4 $13) (4... Be7 5. Bg2 O-O 6. O-O dxc4 (6... c6 7. Qc2 b6 8. Rd1
Nbd7 9. b3 Ba6 10. a4 $5 Rc8 11. a5 c5 12. axb6 Qxb6 13. Qa2 Bb7 (13... Nb8 14.
Bf4) 14. Ba3 $14) 7. Qc2 a6 8. Qxc4 b5 9. Qc2 Bb7 10. Bd2 Be4 (10... Nc6 11. e3
Ra7 (11... Qb8 12. Rc1) (11... Nb4 12. Bxb4 Bxb4 13. a3 Bd6 14. Nbd2 Qe7 15. e4
e5 16. Nh4 g6 17. f4 exd4 18. e5 d3 19. Qxd3 Bc5+ 20. Kh1 Rfd8 21. Qc2 $16) 12.
Rc1 Qa8 13. Ne1 Nb8 14. Bxb7 Qxb7 15. Ba5 $14) (10... Ra7 11. Rc1 Be4 12. Qb3 (
12. Qd1 Nbd7 13. Ba5 Qb8 14. Nbd2 Ba8 15. Nb3 Rc8 16. Qe1 $11) 12... Nc6 13. e3
Qa8 14. Qd1 b4 15. Qf1 Rc8 16. Be1 Nd8 17. Nbd2 Bd5 18. Ne5 c5 19. dxc5 Bxc5
20. Nd3 Be7 21. e4 $5 $40) (10... Bd6 11. Re1 Be4 12. Qc1 Bb7 13. Bg5 Nbd7 14.
e4 Be7 15. Nbd2 c5 16. Bxf6 gxf6 $5 17. Nb3 cxd4 18. Nfxd4 Ne5 19. Qe3 Nc4 20.
Qe2 $14) (10... Nbd7 11. Ba5 Rc8 12. Nbd2 Nb8 (12... Qe8 13. b4 Bd6 14. Rfe1
Qe7 15. a3 Ba8 16. Rac1 $14) 13. a3 Nc6 14. Bc3 b4 15. axb4 Nxb4 16. Qa4 Bc6
17. Qa5 Rb8 18. Rfc1 Bd5 19. Bf1 $14) 11. Qc1 Bb7 12. Bf4 Bd6 13. Nbd2 Nbd7 14.
Nb3 $14) 5. Bg2 a6 (5... b5 $5 6. Ne5 Nd5 7. a4 c6 8. O-O a6 9. e4 Nb4 10. Nc3
Bb7 $2 11. Qh5 g6 12. Nxg6 fxg6 13. Qe5 $18) (5... Bd7 6. Ne5 Bc6 7. Nxc6 Nxc6
8. e3 Qd7 9. O-O O-O-O 10. Nd2 h5 11. Nxc4 h4 12. Bd2 $40) (5... c5 $5 {
is the other line my opponent usually plays.} 6. O-O Nc6 7. Qa4 Bd7 8. dxc5 Na5
(8... Bxc5 9. Qxc4 Be7 10. Nc3 O-O 11. Rd1 $14) 9. Qa3 Rc8 (9... b6 10. b4 cxb3
11. axb3 Bxc5 12. b4 Be7 13. Ne5 Rc8 14. Rd1 Nc4 15. Nxc4 Rxc4 16. Qd3 $44) 10.
b4 cxb3 11. axb3 Rxc5 12. Bd2 Nc6 13. Qb2 Rh5 14. Nc3 $44) (5... c6 6. O-O b5
7. Ne5 Bb7 8. a4 a6 (8... Qc8 9. b3 cxb3 10. Qxb3 b4 11. a5 $36) (8... Qb6 9.
e4 Nbd7 10. Be3 Qc7 11. Bf4 Qb6 12. Nxd7 Nxd7 13. Be3 Be7 14. d5 $40) 9. Nc3
Nd5 10. e4 Nxc3 11. bxc3 Nd7 12. Bf4 (12. f4 Be7 13. Ng4 $44) 12... Be7 13. Qg4
g6 14. h4 h5 15. Qe2 $44) (5... Nc6 6. Qa4 Bb4+ 7. Bd2 Nd5 (7... Bd6 8. Na3 $5
Bxa3 9. Qxa3 Ne4 10. Be3 Qd6 11. Rc1 Qxa3 12. bxa3 Nd6 13. Ne5 Bd7 14. Nxc4 Nf5
15. Bf4 O-O-O 16. e3 $13) 8. Bxb4 Ndxb4 9. Nc3 Bd7 10. O-O Rb8 (10... a6 11.
Ne5 b5 12. Qa3 Rb8 13. Nxc6 Nxc6 14. d5 b4 15. Qxa6 Rb6 16. Qxc4 Ne5 17. Qe4
$16) (10... a5 11. Qd1 O-O 12. Nd2 Nxd4 13. Bxb7 Rb8 14. Bg2 Bc8 15. Nxc4 c5
16. e3 Ba6 17. b3 Nf5 18. Qe2 $14) 11. Qb5 $14) 6. Ne5 $5 {I have really
enough with this move. I really do not know what comes interesting for me,
maybe some Rashkovsky games from my childhood I really can not say so!} (6. O-O
b5 (6... Nc6 7. Bg5 Be7 8. e3 $14 {scores well with White so far.}) 7. Ne5 Nd5
8. a4 Bb7 9. e4 Nf6 10. axb5 axb5 11. Rxa8 Bxa8 12. Nc3 c6 13. Bg5 Be7 14. Qa1
Bb7 15. Qa7 Qc8 16. d5 O-O 17. dxe6 fxe6 18. Rd1 $1 Na6 19. Nd7 Rd8 (19... Rf7
20. Bxf6 Bxf6 21. Bh3 $40) 20. Bh3 Kf7 21. Ne5+ Ke8 22. Rxd8+ Bxd8 23. Qe3 $5
$44 (23. Bxe6 Qxe6 24. Qxb7 Qxe5 25. Bxf6 Qxf6 26. Qxa6 Be7 $13 {is not easy
for both sides.}) 23... Qb8 (23... Qc7 24. Bf4 g5) 24. Nf3 e5 25. Nh4 h6 26.
Nf5 $5 $40) 6... Bb4+ $1 {The critical move.} 7. Nc3 Nd5 8. Bd2 Nb6 9. e3 N8d7
10. Nxd7 Qxd7 11. Ne4 Qe7 ({Obviously there is no difference from where the
black queen protects the bishop.} 11... Qb5) 12. Bxb4 Qxb4+ 13. Qd2 a5 14. O-O
O-O 15. Rfc1 $5 (15. Qc2 $5 {has also its own points.}) 15... Qe7 16. Qc3 {
Preventing Black from freeing himself with e5 at once.} Rd8 17. Nd2 c5 $5 {
This is the kind of move I would be really reluctant to play.} (17... e5 $6 18.
dxe5 Nd5 19. Bxd5 Rxd5 20. Nxc4 {and I doubt if Black has any compensation.})
18. Nxc4 (18. Qa3 $5 {I have really regretted not to have tried} Kf8 (18... Nd5
19. dxc5 c3 20. Nc4 cxb2 21. Qxb2 $16) 19. Qxc5 (19. dxc5 Rxd2 20. cxb6 Qxa3 (
20... Bd7 21. Rxc4 Ra6 22. Qc3 Qd6 23. b3 $14) 21. bxa3 e5 (21... Rb2 22. Rxc4
Rxb6 23. Rd1 Ke8 24. Rc7 $44) 22. Rxc4 Be6 23. Rc7 Rb8 24. Rb1 Bxa2 25. Rbc1
Rd6 $11) 19... Qxc5 20. dxc5 Rxd2 21. cxb6 Rxb2 22. Rxc4 Rxb6 23. Rd1 Ke8 24.
Rc7 $44) (18. dxc5 Qxc5 (18... Na4 19. Qxc4 Rxd2 20. Qxa4 Bd7 $44) 19. Nxc4
Nxc4 20. Qxc4 Qxc4 (20... Rd1+ $4 21. Rxd1 Qxc4 22. Rd8#) 21. Rxc4 Rb8 22. Rc7
b6 $14) 18... cxd4 19. exd4 Nxc4 20. Qxc4 Qd6 21. Bf3 Rb8 $1 (21... Qxd4 $2 22.
Rd1 Qf6 23. Rxd8+ Qxd8 24. Rd1 Qe7 25. Qd3 $16) 22. Rd1 ({My original
intention leads actally to an awful position with} 22. Qb5 $2 b6 23. Rc6 Qxd4
24. Rd1 Qxd1+ 25. Bxd1 Rxd1+ 26. Kg2 Bb7 $17) 22... b6 (22... Bd7 23. Qc5 Bc6
24. Bxc6 Qxc5 25. dxc5 bxc6 26. Rd6 $13) 23. Rac1 Bd7 24. Qc7 Qxc7 25. Rxc7
Rbc8 26. Rdc1 (26. Rb7 Bc6 27. Bxc6 Rxc6 28. Rd3 $11) 26... Kf8 $11 {Now White
has to be careful to make a draw.} 27. Rxc8 Rxc8 28. Rxc8+ Bxc8 29. Kf1 Ke7 30.
Ke2 Kd6 31. a3 Bd7 32. Ke3 Bb5 33. Be4 h6 34. h4 g5 {Not much to write home
about this game.} 1/2-1/2

[Event "Paracin Summer op-A 11th"]
[Site "Paracin"]
[Date "2018.07.09"]
[Round "4"]
[White "Atalik, Suat"]
[Black "Abramovic, Bosko"]
[Result "1-0"]
[WhiteElo "2509"]
[BlackElo "2409"]
[Annotator "Atalik,S"]
[PlyCount "155"]
[EventDate "2018.07.06"]
[EventType "swiss"]
[EventRounds "9"]
[EventCountry "SRB"]
[SourceTitle "CBM 186"]
[Source "ChessBase"]
[SourceDate "2018.09.14"]
[SourceVersion "1"]
[SourceVersionDate "2018.09.14"]
[SourceQuality "1"]

1. d4 Nf6 2. c4 e6 3. Nf3 d5 4. g3 dxc4 5. Bg2 Nc6 6. Qa4 Nd7 (6... Bb4+ 7. Bd2
Nd5 (7... Bd6 $5 8. Na3 $5) 8. Bxb4 Ndxb4 9. O-O Rb8 10. Nc3 a6 (10... Bd7 11.
Qb5) 11. Ne5 O-O 12. Nxc6 Nxc6 13. Bxc6 bxc6 14. Qxc4 $44) 7. Qxc4 Nb6 8. Qb5
$5 {Provoking a weakness.} (8. Qd3 e5) 8... a6 9. Qd3 e5 10. Nxe5 Nb4 11. Qd1 (
11. Qc3 Qxd4 12. O-O Qxc3 13. Nxc3 $14) 11... Qxd4 12. Qxd4 Nc2+ 13. Kd1 Nxd4
14. Be3 Nb5 15. Bxb6 cxb6 16. Nd2 Nd6 17. Nec4 $2 $146 (17. Rc1 Be6) (17. Bd5
g5) (17. e3 Be6 18. Ke2 g6 19. Rac1 Bg7 20. Nec4 Nxc4 21. Nxc4 b5 22. Nb6 Rd8
23. b3 {is the proper way to force this exchange.}) 17... b5 $2 (17... Nxc4 18.
Nxc4 Bc5 (18... Be6 19. Nxb6 Rd8+ 20. Kc2 Bc5 21. Na4 Bxf2 22. Bxb7) 19. Rc1 (
19. e3 Bg4+) 19... Ke7 (19... Bxf2 $2 20. Rf1) 20. Ne5 Rd8+ 21. Ke1 Bb4+ 22.
Kf1 $15) 18. Nb6 Rb8 19. Nxc8 Rxc8 20. Rc1 Kd8 21. Ne4 Rxc1+ 22. Kxc1 Nxe4 23.
Bxe4 $14 {White is only a little bit better but his position is free of risks.}
Kc7 24. Kb1 g6 (24... Bc5 $142 25. Rc1 Kb6) 25. Rc1+ Kb8 26. Rd1 Kc7 27. Bd5 f6
28. f4 a5 29. Rc1+ Kb8 (29... Kb6 $5) 30. e4 Bd6 31. Rd1 Rd8 32. Bg8 $1 $16 h6
(32... Rxg8 33. Rxd6 Re8 34. Rd4 $1 g5 35. f5) 33. Bf7 g5 34. e5 Be7 35. Rxd8+
Bxd8 36. fxg5 fxg5 (36... hxg5 37. e6 Kc7 38. h4) 37. Kc2 {Strange enough the
opposite coloured bishops endgame is the nastiest for Black.} Bb6 38. Kd3 Kc7
39. g4 Bg1 40. h3 Kd7 41. Ke4 Ke7 42. Bd5 b6 43. Kf5 Bd4 44. b3 (44. b4 Bc3)
44... b4 45. Bc4 Bc3 46. Bb5 Bd4 47. e6 Bc5 48. Bd7 Be3 49. Kg6 Bf4 50. Kxh6
Kf6 51. Bc8 Be3 52. Kh5 Bd2 (52... Bf2 $2 53. e7 $18) 53. h4 gxh4 54. g5+ (54.
Kxh4 $142 Kg6 55. Kg3) 54... Ke7 $2 (54... Bxg5 $2 55. e7 Kxe7 56. Kxg5 Kd6 57.
Kf4 Kd5 58. Ke3 $18) (54... Kg7 $1 55. Bd7 h3 56. e7 h2 $11) 55. Kxh4 Be3 56.
Kh5 Bd4 57. Kg4 Be3 58. Bd7 Bd2 59. Kf5 Bc1 60. Bb5 Bd2 61. Bc4 Bc1 62. Bd5 Bd2
63. g6 Bc3 64. Ke4 b5 $2 {Makes White's job easier.} (64... Kd6 65. Kd3 Bg7 66.
Kc4 Bf6 67. Kb5 Bd4 68. Bc4 (68. g7 $2 Bxg7 69. Kxb6 Bf6 (69... Bf8 70. Bc4 Be7
71. Kxa5 Kc7 72. Ka4 Bf8 73. a3 bxa3 74. b4 Kb6 75. Kxa3 Be7 76. Kb3 Kc6 77.
Kc3 Bf8 78. b5+ Kc5 79. Kd3 Be7 80. Ke4 Bd8 81. Kf5 Kd6 $11)) 68... Kc7 69. Bd3
$18) 65. Kf5 a4 66. Bc6 axb3 67. axb3 Bd4 68. Bxb5 Bg7 69. Bd7 Kd6 70. Ke4 Bf6
71. Kf5 Bg7 72. Bb5 Ke7 73. Be2 Kd6 74. Bg4 Ke7 75. Ke4 Kd6 76. Bf5 Bf6 77. Kd3
Bc3 78. Kc4 $22 (78. Kc4 Ke7 79. Kc5 $18) 1-0